| 000 | 00988nam0a2200301 4500 | ||
|---|---|---|---|
| 001 | RU\NLR\BIBL_A\011298585 | ||
| 005 | 20250626041035.0 | ||
| 010 |
_a978-5-17-100727-0 _92500 |
||
| 021 |
_aRU _b2016-92679 _96126 |
||
| 035 | _a(NLR Aleph) 011298585 | ||
| 090 |
_a10963408 _c10963408 |
||
| 100 | _a20161222d2016 |||y0rusy50 ca | ||
| 101 | 0 | _arus | |
| 102 | _aRU | ||
| 105 | _ay z 000ay | ||
| 200 | 1 |
_aОхотник _e[роман] _fМатвей Курилкин |
|
| 210 |
_aМосква _cАСТ _a[Санкт-Петербург] _cЛенинград _d2016 _d(макет 2017) |
||
| 215 |
_a347, [2] с. _d21 |
||
| 225 | 1 | _aСерия "Боевая фантастика" | |
| 333 | _a16+ | ||
| 686 | 2 | _aШ6(2=Р)8-445 | |
| 700 | 1 |
_aКурилкин _bМ. Г. _f1985- _gМатвей Геннадьевич |
|
| 942 | _cBOOK | ||
| 980 | _aNB | ||